Personalidades históricas y famosos - B - Estadísticas

Estadísticas generales
  • Esta prueba ha sido intentada 425 veces
  • La puntuación promedio es 11 de 21
Estadísticas de respuestas
Descripción Respuesta % Correcto
Atleta jamaicano que posee los récords mundiales de 100 y 200 m lisos. Usain Bolt
89%
Nombre con el que se identifica Siddhartha Gautama, fundador del budismo. Buda
88%
Este héroe de Latinoamérica fue un revolucionario que lucho por la independencia de Venezuela, Colombia, Ecuador, Bolivia, Perú y Panamá. Simón Bolívar
85%
Este pianista alemán es considerado como uno de los más grandes compositores de la historia. Ludwig van Beethoven
83%
Antes de su muerte en 2011 era el líder terrorista de Al Qaeda. Osama Bin Laden
82%
Presidente de Estados Unidos que bajo su mando se produjeron los atentados del 9-11 e inició la Guerra de Afganistán y la Guerra de Irak. George W. Bush
77%
Director ejecutivo de Amazon. Actualmente es de las personas más ricas del mundo. Jeff Bezos
76%
Uno de los jugadores más destacados de la NBA. Jugó 20 temporadas con Los Angeles Lakers dónde ganó cinco títulos. Kobe Bryant
70%
Organista y compositor barroco que se le suele llamar "el padre de la música". Johann Sebastian Bach
59%
Cantante irlandés del grupo U2. Bono
57%
Mítico actor de Estados Unidos famoso por salir en "Un tranvía llamado Deseo", "El Padrino" y "La ley del silencio". Marlon Brando
56%
Magnate y político que fue tres veces primer ministro de Italia (1994-1995, 2001-2006 y 2008-2011). Ha sido varias veces condenado por fraude. Silvio Berlusconi
51%
Político del siglo XIX que consiguió unificar toda Alemania en un mismo imperio. Otto von Bismarck
45%
Cantante de rock británico conocido por canciones como "Space Oddity", "Heroes" o "Rebel Rebel". David Bowie
41%
Físico danés que aportó grandes avances para la comprensión de la estructura del átomo y de la mecánica cuántica. Niels Bohr
37%
Actor de cine americano y sex symbol de los años 40 que salió en películas como "Casablanca" o "El halcón maltés". Humphrey Bogart
32%
Artista italiano del siglo XVII, principal exponente de la escultura barroca. Gianlorenzo Bernini
26%
Escritor inglés que vivió entre el siglo XVI y XVII. Se considera el padre del empirismo filosófico y científico. Francis Bacon
15%
Cantante americano considerado como "el rey del funk". James Brown
15%
Escritor realista francés del siglo XIX que retrató la sociedad francesa en sus novelas. Su obra más destacada se llama "La comedia humana". Honoré de Balzac
13%
Filósofo y ensayista de origen judío que contribuyó a la teoría de la estética. Se suicidó en el 1940 al ser perseguido por los nazis. Walter Benjamin
9%
No se encontraron pruebas coincidentes
Distribución de puntuación
Porcentaje de gente con cada puntuación
Porcentaje por número respondido
Historial de tus puntuaciones
No has intentado esta prueba.